000 00710nam a2200265Ia 4500
003 OSt
005 20220918223356.0
006 a|||||r|||| 00| 0
007 ta
008 220917b |||||||| |||| 00| 0 eng d
024 _a222,170
037 _cTextual
040 _aARTS
_cARTS
_beng
041 _2eng
_aeng
082 _aP111,E, N6;P5
100 _aBurrow J.A.
_952700
245 0 _aBook of middle English
250 _a3rd
260 _aU.S.A.
_bBlackwell pub.
_c2005
300 _aviii, 419p
_ccm.
650 _aLINGUISTICS
700 _a Turvill-Petre Thorlac
_9145615
942 _hP111,E, N6;P5
_cTEXL
_2CC
999 _c278290
_d278290